[Event "POL-chT U19 2nd League"]
[Site "Iwonicz"]
[Date "2015.08.01"]
[Round "3.95"]
[White "Strzalka, Monika"]
[Black "Robakowska, Paulina"]
[Result "0-1"]
[WhiteElo "1175"]
[BlackElo "1297"]
[PlyCount "64"]
[EventDate "2015.07.25"]
[EventType "team-swiss"]
[EventRounds "11"]
[EventCountry "POL"]
[SourceTitle "EXT 2019"]
[Source "ChessBase"]
[SourceDate "2018.10.10"]
[SourceVersion "1"]
[SourceVersionDate "2018.10.10"]
[SourceQuality "1"]
[WhiteTeam "Malopolski Skoczek Sedziszow U19"]
[BlackTeam "Rydultowy Ognisko U19 II"]
[WhiteTeamCountry "POL"]
[BlackTeamCountry "POL"]

1. c4 Nf6 2. Nc3 e6 3. Nf3 Be7 4. g3 0-0 5. Bg2 c6 6. 0-0 d5 7. cxd5 cxd5 8. d4 Nc6 9. Re1 Qd7 10. a3 Rd8 11. b4 Ne4 12. Qd3 Nxc3 13. Qxc3 a6 14. Bh3 b5 15. e4 dxe4 16. Rxe4 Qd5 17. Qd3 Bb7 18. Bg2 Bf6 19. Bb2 Rac8 20. Rd1 Nxb4 21. axb4 Qxe4 22. Qxe4 Bxe4 23. Kf1 Rc4 24. Ke2 Rxb4 25. Bc3 Bxf3+ 26. Bxf3 Rc4 27. Ba1 Bxd4 28. Rd2 Bb6 29. Ra2 a5 30. Be5 Rdc8 31. Kf1 Rc2 32. Ra1 Rxf2+ 0-1